| 000 | 00670cam a22002291 4500 | ||
|---|---|---|---|
| 001 | l 24000006 | ||
| 003 | DLC | ||
| 005 | 20260227111529.0 | ||
| 008 | 920604s1923 dcu 000 0 eng | ||
| 010 | _al 24000006 | ||
| 035 | _a(OCoLC)26230529 | ||
| 040 |
_aDLC _cNNC-L _dOCoLC _dDLC |
||
| 042 | _apremarc | ||
| 043 | _an-us-ny | ||
| 050 | 0 | 0 |
_aHD8051 _b.A62 no. 341 |
| 100 | 1 | _aGadsby, Margaret. | |
| 245 | 1 | 0 | _aTrade agreement in the silk-ribbon industry of New York city, |
| 260 |
_aWashington, _bGovt. print. off., _c1923. |
||
| 300 |
_aiii, 95 p. _bfront. _c23 cm. |
||
| 650 | 0 |
_aSilk industry _zNew York (State) _zNew York. |
|
| 740 | 0 | _aSilk-ribbon industry. | |
| 999 |
_c35723 _d35723 |
||